| 000 | 00866nam a2200253 i 4500 | ||
|---|---|---|---|
| 001 | bg | ||
| 100 | 1 | _aGLAPIŃSKI, Adam | |
| 245 | 1 | 0 |
_aKapitalizm, demokracja i kryzys państwa podatków ; Wokół teorii Josepha Aloisa Schumpetera / _cAdam Glapiński. |
| 250 | _aWyd. 2. | ||
| 260 |
_aWarszawa : _bSzkoła Główna Handlowa - Oficyna Wydawnicza, _c2004. |
||
| 300 |
_a324 s. ; _c24 cm. |
||
| 504 | _aBibliogr. | ||
| 600 | 1 | 9 |
_aSchumpeter, Joseph Alois (1883-1950) _xtwórczość |
| 650 | 9 |
_aEkonomia _xhistoria _zAustria _y20 w. |
|
| 650 | 9 |
_aSocjologia _xhistoria _zAustria _y20 w. |
|
| 020 | _a8373780971 | ||
| 040 | _cBPK | ||
| 041 | 0 | _apol | |
| 080 | _a330.83:316.2A/Z](436)"19" | ||
| 920 | _a83-7378-097-1 | ||
| 942 | _cKS | ||
| 008 | s pl f |000 0 pol | ||
| 999 |
_c44853 _d44853 |
||
| 856 |
_uhttp://koha.tu.koszalin.pl/cgi-bin/koha/opac-detail.pl?biblionumber=44853 _yKatalog online BPK |
||